01368nam a2200217 a 450000100060000000300090000600800410001502000150005604000280007108200160009910000570011524500170017226000360018930000110022549000330023650506860026965000150095594200120097099900170098295201510099915307CO-ViMGA141112s2004 ck r 000 u spa d a9586009246 aCO-ViMGAbspacCO-ViMGA04a616.8 T676m1 aToro, Jaime; Yepes, Manuel; Palacios, Eduardo92224410aNeurología aBogotá, cMcGraw Hill, c2001 a704.p. aInterAméricana de medicina aExamen neurológico Habla y lenguaje Demencias Liquido Cefalorraquídeo Hipertensión intracraneal Coma Enfermedad cerebrovascular Epilepsia y sindromes convulsivos Enfermedades infecciosas del sistema nervioso Enfermedades neuromusculares Enfermedades de la Mielina Neuroendocrinología Enfermedades sistemicas Cefalea y dolor craneofacial Movimientos involuntarios Neurooncología Neurooftalmología Imágenes diagnósticas en Neurorradiología Traumatismo Craneoencefálico Trauma espinal Neurotoxicología Neurootología y enfermedades del Cerebelo Neurofisiología Clínica Trastornos del sueño Dolor Dolor Lumbar Neuropsiquiatría Síndromes Neurocutáneos14aNEUROLOGIA 2ddccBK c25667d25667 00102ddc40708002aMEVIECARbMEVIECARd2015-12-04hVolumen. 1 | 11/jun/2009l0o616.8 T676m p15307r2015-12-04 00:00:00tEj. 1w2015-12-04yBK